000 00450nam a2200193Ia 4500
005 20240823043857.0
008 240823s9999||||xx |||||||||||||| ||und||
020 _a0-00-691572-8
041 _aENGLISH
082 _A823.91N3
100 _aFranklin W Dixon
245 4 _aThe Flickering Torch Mystery
250 _a1st
260 _c1993
_b"Armada,U K"
500 _aTRANSFERED
650 _aGeneral
_bGeneral
942 _cBK
999 _c211246
_d211246